Изотопный состав углерода и кислорода травертиновых родников Колывань-Томской складчатой зоны; Проблемы поисковой и экологической геохимии Сибири

Podrobná bibliografie
Parent link:Проблемы поисковой и экологической геохимии Сибири.— 2003.— С. 101-104
Další autoři: Петрова О. Е. Олеся Евгеньевна, Копылова Ю. Г. Юлия Григорьевна, Падалко Н. Л., Дутова Е. М. Екатерина Матвеевна
Jazyk:ruština
Vydáno: 2003
Témata:
Médium: MixedMaterials Kapitola
KOHA link:https://koha.lib.tpu.ru/cgi-bin/koha/opac-detail.pl?biblionumber=105370

MARC

LEADER 00000naa2a2200000 4500
001 105370
005 20240205153721.0
035 |a (RuTPU)RU\TPU\book\113702 
090 |a 105370 
100 |a 20061115d2003 k y0rusy50 ca 
101 0 |a rus 
102 |a RU 
200 1 |a Изотопный состав углерода и кислорода травертиновых родников Колывань-Томской складчатой зоны  |f О. Е. Петрова [и др.] 
320 |a Библиогр.: 14 назв. 
463 0 |0 (RuTPU)RU\TPU\book\61426  |y 5-98298-031-5  |t Проблемы поисковой и экологической геохимии Сибири  |o труды Всероссийской гидрогеохимической конференции, Томск 25-30 октября 2003 г.  |f Томский политехнический университет; Институт геологии и нефтегазового дела ТПУ  |v С. 101-104  |d 2003  |p 330 с. 
610 1 |a травертиновые родники 
610 1 |a углерод 
610 1 |a кислород 
610 1 |a Колывань-Томская зона 
610 1 |a изотопный состав 
610 1 |a генезис углерода 
610 1 |a труды учёных ТПУ 
701 1 |a Петрова  |b О. Е.  |c геолог  |c доцент Томского политехнического университета, кандидат геолого-минералогических наук  |f 1980-  |g Олеся Евгеньевна  |3 (RuTPU)RU\TPU\pers\35304 
701 1 |a Копылова  |b Ю. Г.  |c гидрогеолог  |c доцент Томского политехнического университета, кандидат геолого-минералогических наук  |f 1941-  |g Юлия Григорьевна  |3 (RuTPU)RU\TPU\pers\26086 
701 1 |a Падалко  |b Н. Л. 
701 1 |a Дутова  |b Е. М.  |c гидрогеолог  |c профессор Томского политехнического университета, доктор геолого-минералогических наук  |f 1956-  |g Екатерина Матвеевна  |3 (RuTPU)RU\TPU\pers\26078  |9 11916 
801 1 |a RU  |b 63413507  |c 20061115  |g PSBO 
801 2 |a RU  |b 63413507  |c 20170405  |g RCR 
942 |c BK